000 00771cam a22002294a 4500
999 _c58232
_d58232
001 15579999
005 20211005112032.0
008 090108s2015 enk b 001 0 eng d
020 _a9781472589101
041 _aeng
080 _a37.016;808.1+003.074 P3-6
100 1 _aPecorari, Diane.
_912555
245 1 0 _aAcademic writing and plagiarism :
_ba linguistic analysis /
_cDiane Pecorari.
264 _aLondon :
_bBloomsbury,
_c2008.
300 _a214 p. ;
_c22 cm.
440 _a Bloomsbury Classics in Lingiustics
_912556
504 _abibliogr. p. 191-207
653 _aპლაგიარიზმი
653 _aანგარიშის წერა
653 _aბიბლიოგრაფიული ციტატები
942 _2udc
_cBK